África en 1880 - Antes del reparto - Estadísticas

Estadísticas generales
  • Esta prueba ha sido intentada 67 veces
  • La puntuación promedio es 14 de 628
Respuestas en el mapa
Las respuestas están codificadas por una escala verde-roja en el mapa de la prueba según el % correcto abajo.
 
Estadísticas de respuestas
Respuesta % Correcto
Jefatura de Egipto
89%
Túnez
83%
Sultanato de Mandara
79%
Sultanato de Marruecos
79%
Etiopía
66%
Somalis
64%
Reino de Kongo
60%
Dan y Toura
57%
República Sudafricana
57%
Francia
49%
República de Liberia
47%
España
45%
Reino Unido
43%
Portugal
40%
Reino de Benín
38%
Mwamiato de Ruanda
36%
Imperio Otomano
30%
Krim-Gola
30%
Mwamiato de Burundi
30%
Zululandia
26%
Sultanato de Zanzíbar
25%
Sultanatos de Gran Comora
25%
Reino Swazi
23%
Califato de Sokoto
21%
Estado Libre de Orange
19%
San
11%
Darfur
9%
Dahomey
8%
Maasai
8%
Oromo
8%
Reinos de Bale / Oromo
8%
Reinos Welega / Oromo
8%
Bisa
6%
Sultanato de Aussa
6%
Buganda
4%
Dar Tama
4%
Imperio de Gaza
4%
Pueblos Songhay
4%
Reino de Ashanti
4%
Akan
2%
Aka / Pigmeos
2%
Confederación Châamba
2%
Confederación de Aro
2%
Confederación Tekna
2%
Dhulbahante / Faarax Garaad
2%
Dhulbahante / Maxamuud Garaad
2%
Emirato de Adrar
2%
Emirato de Harar
2%
Ewe
2%
Fula / Fulbe
2%
Habr Awal
2%
Habr Je'lo
2%
Hawadle Clan
2%
Imanato de Hiraab
2%
Imperio de Kong
2%
Imragen
2%
Jefatura de Kanem-Bornu
2%
Jolof
2%
Kel Ahaggar
2%
Kel Ajjer
2%
Laaroussien
2%
Mekhadama
2%
Mirambo
2%
Momba
2%
Mwanza
2%
Omugabeato de Ihangiro
2%
Orden Senussiyya
2%
Oueld Delim
2%
Oueld Tidrarin
2%
Ouled Bou Sbaa
2%
Popo
2%
Reguibat
2%
Reino de Barue
2%
Reino de Bemba
2%
Reino de Imerina
2%
Reinos Borgu
2%
República Libre de Rehoboth
2%
Rip
2%
Sango
2%
Sara
2%
Sso
2%
Sultanato de Bimaal
2%
Sultanato de Hobyo
2%
Sultanato de Isaaq
2%
Sultanato de Majerteen
2%
Sultanato de Utetera / Tippu Tip
2%
Sultanato Geledi
2%
Tem
2%
Tidikelt
2%
Timbuktu
2%
Touat
2%
Warri
2%
Warsangeli
2%
We
2%
Aari
0%
Ababua
0%
Abamiato de Busozo
0%
Adélé
0%
Adja
0%
Ahion
0%
Akebou
0%
Akela
0%
Akpakip
0%
Ambo
0%
Antandroy
0%
Anuak
0%
Anufo
0%
Asosa
0%
Aushi
0%
Babaie
0%
Babira
0%
Baboma
0%
Babugombe
0%
Babunda
0%
Badia
0%
Badinga
0%
Bahuana
0%
Bailundo
0%
Bajwe
0%
Baka
0%
Bakaya
0%
Bakgalagadi
0%
Bakgatla
0%
Bakole
0%
Bakota
0%
Bakum
0%
Bakuti
0%
Bakwe
0%
Bakwele
0%
Bakwena
0%
Bakweri
0%
Bakwese
0%
Balanta
0%
Balengue
0%
Balesa
0%
Balete
0%
Baloi
0%
Balolo
0%
Balua
0%
Baluri
0%
Bamangwato
0%
Bambala
0%
Bambara
0%
Bamboko
0%
Bambura
0%
Bandaka
0%
Bando
0%
Bangala
0%
Banguelima
0%
Bangwa
0%
Bangwaketse
0%
Bankusu
0%
Banyarwanda
0%
Banza
0%
Banziri
0%
Baol
0%
Bapende
0%
Bapere
0%
Bapoto
0%
Baruka
0%
Barumbi
0%
Basenge
0%
Basketo
0%
Basongo-Meno
0%
Bassa
0%
Basuku
0%
Batawana
0%
Batitu
0%
Batlhaping
0%
Bayanzi
0%
Beilul
0%
Beledugu
0%
Bena
0%
Bench
0%
Bergdama
0%
Bete
0%
Bobo
0%
Bokala
0%
Bomba Songo
0%
Bombesa
0%
Bongo
0%
Bonguili
0%
Bosaka
0%
Bosha
0%
Bubi-Benga
0%
Budja
0%
Bugabo
0%
Buhoma
0%
Bukanga
0%
Bukara
0%
Bukunzi
0%
Buli
0%
Bundu
0%
Buramo
0%
Burji
0%
Bushingo
0%
Bushiru
0%
Buyungu
0%
Califato de Tidjaniya
0%
Chagga
0%
Chamba
0%
Chewa
0%
Chuabo
0%
Concesión de Tati
0%
Confederación de Lunda
0%
Confederación Maravi
0%
Cyingogo
0%
Dagara
0%
Damergou
0%
Damga
0%
Dar al-Kuti
0%
Dar Banda
0%
Dar Erenga
0%
Dar Gimr
0%
Dar Masalit
0%
Dar Runga
0%
Dar Sila
0%
Dasanach / Marille
0%
Dengese
0%
Djougou
0%
Doko
0%
Dominios de Rabih az-Zubayr
0%
Dosso
0%
Duala
0%
Dumhoeta
0%
Ebira
0%
Egba
0%
Eki
0%
Ekiti
0%
Ekoi
0%
Elinga
0%
Embu
0%
Emirato de Adamaya
0%
Emirato de Brakna
0%
Emirato de Tagant
0%
Emirato de Trarza
0%
Eshira
0%
Estado de Tonga / Mweemba
0%
Estado Mutapa
0%
Estados Mossi
0%
Eton
0%
Fang
0%
Federación de Luba
0%
Federación Wukari
0%
Fingolandia
0%
Fipa
0%
Fitta
0%
Fogny
0%
Fruta Toro
0%
Fulani
0%
Futa Jallon
0%
Galekalandia
0%
Gamo
0%
Gando
0%
Ganguela
0%
Gbayas
0%
Gbete
0%
Gciriku
0%
Gera
0%
Gio
0%
Goba'ad
0%
Gobir
0%
Gobu
0%
Godie
0%
Goffas
0%
Gogo
0%
Gombe
0%
Gomma
0%
Gonja
0%
Gourara Tigurarin
0%
Gouro
0%
Gourounsi
0%
Grebo
0%
Guidimakha
0%
Gumma
0%
Gunjur
0%
Gunu
0%
Gurate
0%
Gurunsi
0%
Gwere
0%
Gyaman
0%
Gyele
0%
Hanya
0%
Hele
0%
Hera
0%
Herero
0%
Heru
0%
Holo
0%
Humbi-Onene
0%
Hungu
0%
Ibadan
0%
Ibibio
0%
Idaw 'Aish
0%
Igala
0%
Ijebu
0%
Ijesa
0%
Ikizu
0%
Ikoma
0%
Illubabor
0%
Imperio Wadai
0%
Imperio Wassoulou / Samori
0%
Indénié
0%
Ipanga
0%
Iramba
0%
Irangi
0%
Iraqw
0%
Isubu
0%
Itcha
0%
Ivohibe
0%
Iwellemmedan
0%
Iyembe
0%
Jatenga
0%
Jefatura de Kelafo
0%
Jefatura de Quitanagonha
0%
Jefatura de Sancul
0%
Jefatura de Sangage
0%
Jefaturas de Busoga
0%
Jefaturas de Makua
0%
Jefaturas de Nyanza
0%
Jefaturas de Tonga
0%
Jefaturas menores Azandas
0%
Jimma
0%
Jumbe
0%
Kabadougou
0%
Kabale
0%
Kabende
0%
Kabulwebulwe
0%
Kaffa
0%
Kahare
0%
Kajoor
0%
Kako
0%
Kakongo
0%
Kalenjin
0%
Kamba
0%
Kambwili
0%
Kaonde
0%
Karamojong
0%
Kasanje
0%
Kaya
0%
Kebye
0%
Kel Adagh
0%
Kel Ayr
0%
Kel Gres
0%
Kel Owey
0%
Kénédougou
0%
Kerewe
0%
Ketu
0%
Khoman
0%
Kiang
0%
Kikuyu
0%
Kilenje
0%
Kimbu
0%
Kinga
0%
Kitatu
0%
Kiyanja
0%
Kiziba
0%
Koalá
0%
Kokomba
0%
Komosha
0%
Kono
0%
Konongo
0%
Koranko
0%
Kpelle
0%
Kposo
0%
Kran
0%
Krou
0%
Kru
0%
Kumam
0%
Kundi
0%
Kundu
0%
Kuria
0%
Kutu
0%
Kwangali
0%
Kwaya
0%
Kwere
0%
Lala
0%
Lamba
0%
Landouma
0%
Lefa
0%
Lenje
0%
Leqa Naqamte
0%
Libolo
0%
Lima
0%
Limba
0%
Limmu Enerea
0%
Liptako
0%
Lobala
0%
Logone-Massenya
0%
Loma
0%
Luano
0%
Luguru
0%
Luhya
0%
Lukala
0%
Lukko
0%
Lukolwe
0%
Luos
0%
Mabale
0%
Mabi
0%
Mabinza
0%
Mabudu
0%
Maka
0%
Makere
0%
Makondes
0%
Malete
0%
Malinke / Ouorodougou
0%
Malunda
0%
Mambrungu
0%
Mambwe
0%
Mang'anja
0%
Mangbetu
0%
Mano
0%
Manyika
0%
Maradi
0%
Marakwet
0%
Mareko
0%
Marka
0%
Maruku
0%
Masaha
0%
Matamba Ndongo
0%
Matengo
0%
Maungwe
0%
Mbari
0%
Mbedé-Nzabi
0%
Mbele / Krech
0%
Mbochi
0%
Mbole
0%
Mbukushu
0%
Mbum
0%
Mbunga
0%
Mbunza
0%
Mbwela
0%
Medje
0%
Mende
0%
Meru
0%
Mijikenda
0%
Mina
0%
Mobango
0%
Mobati
0%
Mongo
0%
Moroncu
0%
Mpo
0%
Mpondolandia
0%
Mthwakazi / Reino Ndebele
0%
Muhambwe
0%
Mungo
0%
Murle
0%
Mutondo
0%
Muzumbu a Kalunga
0%
Mwamiato de Bahavu
0%
Mwamiato de Buzinja
0%
Mwamiato de Indorwa
0%
Mwamiato de Ussuwi Occidental
0%
Mwanza de Banyarwanda
0%
Mwera
0%
Nago
0%
Nama
0%
Ndamba
0%
Neyo
0%
Ngalangi
0%
Ngbaka
0%
Ngbandi
0%
Ngiriboma
0%
Ngoni
0%
Nguindo
0%
Ngulu
0%
Ngumba
0%
Ngumbi
0%
Ngurimi
0%
Ngyeme
0%
Nhiya
0%
Nhowe
0%
Niani
0%
Niapu
0%
Niumi
0%
Njemps
0%
Nogoyo
0%
Nri
0%
Nsonso
0%
Ntomba
0%
Nuer
0%
Nyakusa
0%
Nyamwanga
0%
Nyaneka
0%
Nyasa-Tonga
0%
Nyaturu
0%
Nyole
0%
Okandé
0%
Okpe
0%
Okumakahiate de Bunyoro
0%
Omuhamiato de Ussuwi Oriental
0%
Omukamaato de Karagwe
0%
Omukamaato de Koori
0%
Omukamaato de Nkore
0%
Ondo
0%
Onilahy
0%
Orlam
0%
Oroko-Akose
0%
Orungu
0%
Otros Beni Hassan
0%
Oyo
0%
Pakao
0%
Pangwa
0%
Pimbwe
0%
Pokot
0%
Posgoro / Pogoro
0%
Pueblos del corredor del Kilimanjaro
0%
Pueblos del Jos Plateau
0%
Rafai / Zanda
0%
Raheyta
0%
Reino Baoulé
0%
Reino Chokwe
0%
Reino de Alur
0%
Reino de Antakarana
0%
Reino de Anziku
0%
Reino de Bamum
0%
Reino de Barotselandia / Lozi
0%
Reino de Bolia
0%
Reino de Bouna
0%
Reino de Bushi
0%
Reino de Dagbon
0%
Reino de Luango
0%
Reino de Tegali
0%
Reino de Wala
0%
Reino de Yeke / Msiri
0%
Reino de Zemio / Zande
0%
Reino Gourma
0%
Reino Gwiriko
0%
Reino Kuba
0%
Reino Leele
0%
Reino Mbunda
0%
Reino Ngoni
0%
Reino Nzkara
0%
Reinos de Arsi
0%
Reinos de Luvale
0%
Reinos Ijo
0%
Reinos Ovambo
0%
Reinos Zarma
0%
Reino Teke
0%
Rendille
0%
Rito
0%
Rolong
0%
Rufiji
0%
Rungu
0%
Rungwa
0%
Sabe
0%
Safwa
0%
Sagara
0%
Sakalava
0%
Saloum
0%
Samburu
0%
Samia
0%
Samo
0%
Sanaga
0%
Sangu
0%
Sanwi
0%
Sapo
0%
Savalu
0%
Séke
0%
Senas
0%
Shambaa
0%
Shambyu
0%
Sherbro
0%
Silte
0%
Sine
0%
Soli
0%
Suba
0%
Subiya
0%
Sukuma
0%
Sultanato de Adar
0%
Sultanato de Angoche
0%
Sultanato de Bagirmi
0%
Sultanato de Beni Shangul
0%
Sultanato de Biru
0%
Sultanato de Damagaram
0%
Sultanato de Gubba
0%
Sultanato de Habr Yunis
0%
Sultanato de Mwali
0%
Sultanato de Ndzuwami
0%
Sultanato de Tery
0%
Sultanato de Tungi
0%
Sultanato de Yao
0%
Susu
0%
Swaka
0%
Tadjourah
0%
Tamberma
0%
Tembulandia
0%
Temne
0%
Tenda
0%
Tenkodogo
0%
Tepes
0%
Teso
0%
Tessaoua
0%
Tharaka
0%
Tidjakant
0%
Tikar
0%
Tumbuka
0%
Turkana
0%
Ubena
0%
Ujiji
0%
Unyanyembe
0%
Vidunda
0%
Viye
0%
Vute
0%
Walese
0%
Wambu
0%
Wanda
0%
Wanga
0%
Wangata
0%
Wanianga
0%
Witulandia
0%
Wogodogo
0%
Wolaita
0%
Wovea
0%
Wull
0%
Wungu
0%
Xesibelandia
0%
Yamma
0%
Yelima
0%
Zanaki
0%
Zemba
0%
Zigua
0%
No se encontraron pruebas coincidentes
Distribución de puntuación
Porcentaje de gente con cada puntuación
Porcentaje por número respondido
Historial de tus puntuaciones
No has intentado esta prueba.